[Event "Gibraltar Masters 8th"]
[Site "Caleta"]
[Date "2010.01.31"]
[Round "6"]
[White "Fox, Anthony"]
[Black "Perez Pardo, Juan Carlos"]
[Result "1/2-1/2"]
[WhiteElo "2113"]
[BlackElo "2297"]
[PlyCount "64"]
[EventDate "2010.01.26"]
[EventType "swiss"]
[EventRounds "10"]
[EventCountry "GGB"]
[SourceTitle "CBM 134 Extra"]
[Source "ChessBase"]
[SourceDate "2010.03.03"]
[SourceVersion "1"]
[SourceVersionDate "2010.03.03"]
[SourceQuality "1"]

1. e4 e5 2. Nf3 Nc6 3. Nc3 Bc5 4. Nxe5 Nxe5 5. d4 Bd6 6. dxe5 Bxe5 7. f4 Bxc3+ 8. bxc3 d6 9. Bc4 Be6 10. Bxe6 fxe6 11. Qh5+ Kd7 12. Qb5+ Kc8 13. Rb1 b6 14. 0-0 Kb7 15. Qb3 Qd7 16. c4 Nf6 17. Qd3 Qc6 18. Re1 e5 19. f5 Raf8 20. Bg5 Nd7 21. Qd5 Nc5 22. Re3 h6 23. Bh4 Qxd5 24. cxd5 g5 25. Be1 Kc8 26. Bb4 Kd7 27. Bxc5 dxc5 28. c4 Ke7 29. a4 Rf6 30. Rg3 Rd6 31. Kf2 Kf6 32. Rh1 h5 1/2-1/2

[Event "Gibraltar Masters 8th"]
[Site "Caleta"]
[Date "2010.01.29"]
[Round "4"]
[White "Spanton, Timothy"]
[Black "Perez Pardo, Juan Carlos"]
[Result "0-1"]
[WhiteElo "2035"]
[BlackElo "2297"]
[PlyCount "144"]
[EventDate "2010.01.26"]
[EventType "swiss"]
[EventRounds "10"]
[EventCountry "GGB"]
[SourceTitle "CBM 134 Extra"]
[Source "ChessBase"]
[SourceDate "2010.03.03"]
[SourceVersion "1"]
[SourceVersionDate "2010.03.03"]
[SourceQuality "1"]

1. e4 c5 2. Nf3 e6 3. d3 b6 4. g3 Bb7 5. Bg2 d6 6. 0-0 Be7 7. c3 Nd7 8. Qe2 Ngf6 9. Ng5 Qc7 10. f4 h6 11. Nh3 0-0-0 12. a4 d5 13. e5 Ne8 14. d4 g6 15. Na3 a6 16. Be3 Ng7 17. c4 Kb8 18. cxd5 exd5 19. Rfc1 c4 20. Nxc4 dxc4 21. Rxc4 Nc5 22. dxc5 bxc5 23. b4 Bxg2 24. Qxg2 Qb7 25. bxc5 Qxg2+ 26. Kxg2 Kc7 27. Rb1 Rd3 28. Bf2 Rb8 29. Rxb8 Kxb8 30. Ng1 Ne6 31. Ne2 Rd2 32. Kf3 Kc7 33. Nc3 Kc6 34. Ne4 Rd5 35. h3 Rd3+ 36. Ke2 Ra3 37. Nc3 h5 38. Kf3 Bxc5 39. Bxc5 Nxc5 40. g4 Kb6 41. Kg2 h4 42. f5 gxf5 43. gxf5 Rb3 44. a5+ Kc6 45. Na4 Kb5 46. Rxc5+ Kxa4 47. e6 fxe6 48. f6 Rg3+ 49. Kh2 Rf3 50. Rc6 Kxa5 51. Rxe6 Rf4 52. Kg2 Kb5 53. Re5+ Kb4 54. Rg5 Rxf6 55. Rg4+ Kb3 56. Rxh4 a5 57. Rh8 Rb6 58. Re8 Rb4 59. Re3+ Kc2 60. Re2+ Kc3 61. Re3+ Kd2 62. Ra3 a4 63. Ra2+ Kc1 64. Kg3 Kb1 65. Rf2 a3 66. Rf1+ Kb2 67. Rf2+ Kb3 68. Rf3+ Ka4 69. Rf2 Rc4 70. Rf8 a2 71. Ra8+ Kb3 72. h4 Ra4 0-1

[Event "ESP-chT2 Gr2"]
[Site "Burguillos"]
[Date "2009.08.08"]
[Round "5"]
[White "Perez Pardo, Juan Carlos"]
[Black "Fernandez Garcia, Miguel Angel"]
[Result "1-0"]
[WhiteElo "2280"]
[BlackElo "2269"]
[PlyCount "115"]
[EventDate "2009.08.05"]
[EventType "team-swiss"]
[EventRounds "6"]
[EventCountry "ESP"]
[SourceTitle "CBM 131 Extra"]
[Source "ChessBase"]
[SourceDate "2009.09.03"]
[SourceVersion "2"]
[SourceVersionDate "2009.09.16"]
[SourceQuality "1"]

1. d4 d5 2. Nf3 Nf6 3. g3 e6 4. Bg2 Be7 5. 0-0 0-0 6. c4 dxc4 7. Qc2 a6 8. a4 c5 9. dxc5 Bxc5 10. Nbd2 Nc6 11. Nxc4 Qe7 12. Nce5 Nb4 13. Qb3 Nfd5 14. e4 Nf6 15. Ne1 Nd7 16. N5d3 Nxd3 17. Nxd3 Bd4 18. Bd2 Re8 19. Bc3 Bxc3 20. Qxc3 e5 21. f4 f6 22. f5 a5 23. Rfc1 b6 24. b4 axb4 25. Nxb4 Qc5+ 26. Kh1 Qxc3 27. Rxc3 Kf8 28. Nd5 Bb7 29. Rc7 Bxd5 30. exd5 Red8 31. d6 Ra5 32. Bc6 Nc5 33. Rb1 Ra6 34. Bb7 Rxa4 35. Rxb6 Ne4 36. Bxe4 Rxe4 37. h3 Rd4 38. h4 R8xd6 39. Rb8+ Rd8 40. Rbb7 h5 41. Rf7+ Kg8 42. Rxg7+ Kf8 43. Kg2 Rd2+ 44. Kh3 Rf2 45. Rh7 Kg8 46. Rbg7+ Kf8 47. Ra7 Kg8 48. Rxh5 e4 49. Re7 Rd5 50. Kg4 Rd4 51. Kh3 Rd5 52. Kg4 Rd4 53. Rh6 Kf8 54. Rhh7 e3+ 55. Kh5 Rxf5+ 56. Kg6 Re5 57. Ref7+ Kg8 58. Rhg7+ 1-0

[Event "Malaga op 12th"]
[Site "Malaga"]
[Date "2009.07.12"]
[Round "3"]
[White "Perez Pardo, Juan Carlos"]
[Black "Tratar, Marko"]
[Result "1/2-1/2"]
[WhiteElo "2280"]
[BlackElo "2494"]
[PlyCount "44"]
[EventDate "2009.07.11"]
[EventType "swiss"]
[EventRounds "9"]
[EventCountry "ESP"]
[SourceTitle "CBM 131 Extra"]
[Source "ChessBase"]
[SourceDate "2009.09.03"]
[SourceVersion "2"]
[SourceVersionDate "2009.09.16"]
[SourceQuality "1"]

1. d4 g6 2. Nf3 Bg7 3. c4 d6 4. Nc3 Nf6 5. e4 0-0 6. Be2 Nbd7 7. 0-0 e5 8. Rb1 Re8 9. dxe5 dxe5 10. b4 a5 11. a3 axb4 12. axb4 Nf8 13. Qb3 Bg4 14. Rd1 Qc8 15. c5 c6 16. Ng5 Qc7 17. f3 Be6 18. Bc4 Bxc4 19. Qxc4 h6 20. Nh3 Ne6 21. Be3 Red8 22. Nf2 Rxd1+ 1/2-1/2

[Event "ESP-chT Gp1"]
[Site "Burguillos"]
[Date "2008.08.17"]
[Round "6"]
[White "Perez Pardo, Juan Carlos"]
[Black "Gonzalez Menendez, Ivan"]
[Result "1/2-1/2"]
[WhiteElo "2300"]
[BlackElo "2406"]
[PlyCount "56"]
[EventDate "2008.08.13"]
[EventType "team"]
[EventRounds "6"]
[EventCountry "ESP"]
[SourceTitle "CBM 126 Extra"]
[Source "ChessBase"]
[SourceDate "2008.11.05"]
[SourceVersion "1"]
[SourceVersionDate "2008.11.05"]
[SourceQuality "1"]

1. d4 d5 2. Nf3 Nf6 3. c4 e6 4. g3 Be7 5. Bg2 0-0 6. 0-0 dxc4 7. Qa4 a6 8. Qxc4 b5 9. Qc2 Bb7 10. Bd2 Qc8 11. Rc1 Bd6 12. b4 Nbd7 13. a3 Be4 14. Qd1 Nd5 15. Nc3 Nxc3 16. Bxc3 Nb6 17. Ng5 Bxg2 18. Qd3 g6 19. Kxg2 Qb7+ 20. Kg1 Na4 21. Bd2 Nb2 22. Qe4 Qxe4 23. Nxe4 Nc4 24. Bh6 Rfc8 25. Nd2 Nb6 26. Nb3 Nc4 27. Nd2 Nb6 28. Nb3 Nc4 1/2-1/2

[Event "ESP-chT Gp1"]
[Site "Burguillos"]
[Date "2008.08.14"]
[Round "2"]
[White "Perez Pardo, Juan Carlos"]
[Black "Rabadan Velasco, Raul"]
[Result "1/2-1/2"]
[WhiteElo "2300"]
[BlackElo "2323"]
[PlyCount "66"]
[EventDate "2008.08.13"]
[EventType "team"]
[EventRounds "6"]
[EventCountry "ESP"]
[SourceTitle "CBM 126 Extra"]
[Source "ChessBase"]
[SourceDate "2008.11.05"]
[SourceVersion "1"]
[SourceVersionDate "2008.11.05"]
[SourceQuality "1"]

1. d4 d5 2. Nf3 Nc6 3. e3 Bg4 4. h3 Bh5 5. c4 e6 6. Nc3 Bb4 7. a3 Bxc3+ 8. bxc3 Nge7 9. cxd5 exd5 10. c4 0-0 11. cxd5 Nxd5 12. Bd2 Re8 13. Be2 Bxf3 14. gxf3 Qh4 15. Kf1 Rad8 16. f4 Nxf4 17. exf4 Nxd4 18. Bd3 Ne6 19. Qc2 Nd4 20. Qd1 Qf6 21. Rc1 c5 22. Rg1 Qc6 23. Be3 g6 24. Qg4 Nf3 25. Ke2 Nxg1+ 26. Qxg1 b5 27. f5 c4 28. Bb1 Qd6 29. fxg6 Qd2+ 30. Kf3 Qd5+ 31. Ke2 Qd2+ 32. Kf3 Qd5+ 33. Ke2 Qd2+ 1/2-1/2

[Event "ESP-chT CECLUB Sur Div 1"]
[Site "Burguillos"]
[Date "2007.08.22"]
[Round "1"]
[White "Urbina Perez, Juan Antonio"]
[Black "Perez Pardo, Juan Carlos"]
[Result "1/2-1/2"]
[WhiteElo "2163"]
[BlackElo "2327"]
[PlyCount "124"]
[EventDate "2007.08.22"]
[EventType "team"]
[EventRounds "6"]
[EventCountry "ESP"]
[SourceTitle "CBM 119 Extra"]
[Source "ChessBase"]
[SourceDate "2007.09.04"]
[SourceVersion "1"]
[SourceVersionDate "2007.09.04"]
[SourceQuality "1"]

1. e4 e5 2. Nf3 Nc6 3. Bb5 Nf6 4. 0-0 d6 5. Qe2 Be7 6. c3 0-0 7. d4 exd4 8. cxd4 Bg4 9. Rd1 d5 10. Bxc6 bxc6 11. Nc3 dxe4 12. Nxe4 Re8 13. h3 Bh5 14. Re1 Bxf3 15. Qxf3 Qxd4 16. Nc3 Nd5 17. Rd1 Bd6 18. Be3 Qe5 19. Nxd5 cxd5 20. Qxd5 Qxb2 21. Bc5 Rad8 22. Bxd6 Rxd6 23. Qc4 Qe5 24. Rab1 g6 25. Rxd6 cxd6 26. Rb7 Qe1+ 27. Qf1 Qd2 28. Qc4 d5 29. Qb4 Re1+ 30. Kh2 Qxb4 31. Rxb4 Re2 32. Ra4 Rxf2 33. Rxa7 Kg7 34. Kg3 Rd2 35. Ra6 h5 36. h4 Kf8 37. Ra7 Ke8 38. Kf3 Rd4 39. g3 Re4 40. a4 Kf8 41. a5 Ra4 42. Ke3 Kg7 43. Ra6 Ra3+ 44. Kf4 f6 45. Ra7+ Kh6 46. a6 g5+ 47. hxg5+ fxg5+ 48. Kf5 Rxg3 49. Ra8 Rf3+ 50. Ke5 Kg7 51. Rb8 Re3+ 52. Kf5 Ra3 53. Rb7+ Kh6 54. Rb6+ Kg7 55. Kxg5 Kf7 56. Kf5 Ke7 57. Ke5 Kd7 58. Rh6 Ra5 59. Kd4 Kc7 60. Rxh5 Ra4+ 61. Kc5 Ra5+ 62. Kb4 Rxa6 1/2-1/2

[Event "Seville op 29th"]
[Site "Seville"]
[Date "2004.01.12"]
[Round "4"]
[White "Hidalgo Paniagua, Fermin"]
[Black "Perez Pardo, Juan Carlos"]
[Result "0-1"]
[WhiteElo "1964"]
[BlackElo "2335"]
[PlyCount "60"]
[EventDate "2004.01.09"]
[EventType "swiss"]
[EventRounds "9"]
[EventCountry "ESP"]
[SourceTitle "CBM 098 Extra"]
[Source "ChessBase"]
[SourceDate "2004.03.10"]
[SourceVersion "2"]
[SourceVersionDate "2004.03.10"]
[SourceQuality "1"]

1. e4 c5 2. Nf3 e6 3. d4 cxd4 4. Nxd4 Nc6 5. Nc3 Nf6 6. Ndb5 d6 7. Bf4 e5 8. Bg5 a6 9. Na3 b5 10. Bxf6 gxf6 11. Nd5 f5 12. c3 Bg7 13. Bd3 f4 14. Qh5 0-0 15. 0-0 Ne7 16. c4 f5 17. f3 bxc4 18. Bxc4 Be6 19. Rad1 Bxd5 20. Bxd5+ Nxd5 21. Rxd5 Qb6+ 22. Rf2 Rac8 23. Rd1 d5 24. exf5 Rf6 25. Qg4 Kh8 26. g3 Bh6 27. Kg2 Rg8 28. Qh3 fxg3 29. hxg3 Bf4 30. g4 Rh6 0-1

[Event "ESP-ch"]
[Site "Canete"]
[Date "1994.??.??"]
[Round "?"]
[White "Perez Pardo, Juan Carlos"]
[Black "Morales Camacho, Julian"]
[Result "1-0"]
[WhiteElo "2335"]
[BlackElo "2220"]
[PlyCount "105"]
[EventDate "1994.??.??"]
[EventType "swiss"]
[EventRounds "9"]
[EventCountry "ESP"]
[SourceTitle "EXT 1998"]
[Source "ChessBase"]
[SourceDate "1997.11.17"]
[SourceVersion "1"]
[SourceVersionDate "1997.11.17"]
[SourceQuality "1"]

1. e4 g6 2. d4 Bg7 3. Nf3 d6 4. Nc3 Nf6 5. Be2 0-0 6. 0-0 Nbd7 7. e5 Ne8 8. Bg5 Nb6 9. h3 f6 10. exf6 exf6 11. Bf4 d5 12. Re1 Be6 13. Bd3 Qd7 14. Qe2 Bf7 15. Qe7 Rd8 16. Bb5 c6 17. Bd3 Nc8 18. Qb4 Ned6 19. a4 Rfe8 20. a5 Bf8 21. Na4 b6 22. axb6 axb6 23. Rxe8 Rxe8 24. Nc3 Ne4 25. Qa4 g5 26. Bh2 h5 27. Ne2 Bd6 28. Bxd6 Ncxd6 29. Qa7 Qf5 30. Qc7 g4 31. hxg4 hxg4 32. Bxe4 Nxe4 33. Ng3 Nxg3 34. Qxg3 Re4 35. c3 Qg6 36. Nh2 Kg7 37. b4 f5 38. Ra7 Re1+ 39. Nf1 Re4 40. f3 Re8 41. fxg4 fxg4 42. Qf4 Re6 43. Ne3 Qb1+ 44. Kh2 Qg6 45. Qxg4 Re4 46. Qh3 Qg5 47. Nf5+ Kg6 48. Rc7 Rg4 49. Rxf7 Qf4+ 50. g3 Qd2+ 51. Qg2 Qxc3 52. Rg7+ Kxf5 53. Qf2+ 1-0

[Event "ESP-ch"]
[Site "Spain"]
[Date "1993.??.??"]
[Round "5"]
[White "Candela Perez, Jose"]
[Black "Perez Pardo, Juan Carlos"]
[Result "0-1"]
[WhiteElo "2315"]
[BlackElo "2275"]
[PlyCount "184"]
[EventDate "1993.08.??"]
[EventType "swiss"]
[EventRounds "9"]
[EventCountry "ESP"]
[SourceTitle "TD"]
[Source "ChessBase"]
[SourceDate "1994.03.01"]
[SourceVersion "1"]
[SourceVersionDate "1994.03.01"]
[SourceQuality "1"]

1. e4 e5 2. Nf3 Nc6 3. d4 exd4 4. Nxd4 Bc5 5. Nxc6 Qf6 6. Qd2 dxc6 7. Bd3 Be6 8. 0-0 0-0-0 9. Qg5 Qxg5 10. Bxg5 f6 11. Bd2 Bd4 12. Nc3 Ne7 13. Rad1 Ng6 14. b3 Ne5 15. Be2 Rd7 16. h3 g5 17. Bh5 g4 18. Kh2 Rg8 19. Ne2 Bb6 20. Nf4 Bf7 21. Bxf7 Rxf7 22. Kh1 Rd7 23. Bc3 Rxd1 24. Rxd1 Bxf2 25. Bxe5 fxe5 26. Nd3 Bd4 27. Rf1 Kd7 28. Rf7+ Ke6 29. Rxh7 g3 30. Rh6+ Ke7 31. Rh7+ Ke6 32. Rh6+ Ke7 33. Rh7+ Ke8 34. Ne1 Rf8 35. Nf3 Rf4 36. Rg7 Rxe4 37. Rxg3 c5 38. Rg8+ Kd7 39. h4 Rf4 40. h5 e4 41. Nxd4 cxd4 42. g3 Rf5 43. g4 Rf7 44. Rg5 Ke6 45. Kg2 d3 46. Rg6+ Kd7 47. cxd3 exd3 48. Rg5 c6 49. h6 d2 50. Rg7 d1Q 51. Rxf7+ Ke6 52. Rxb7 Qd2+ 53. Kf3 Qd3+ 54. Kf4 Qd2+ 55. Kf3 Qxh6 56. Rxa7 Qh1+ 57. Kf2 Kf6 58. Ra4 Kg5 59. Ke2 Kh4 60. Kd2 Qb1 61. Kc3 Qc1+ 62. Kd3 Qb2 63. Kc4 Qc2+ 64. Kb4 Kxg4 65. Ka3+ Kf5 66. Rc4 Qg2 67. Rc5+ Ke6 68. b4 Kd6 69. Kb3 Qe4 70. Ra5 Qd3+ 71. Kb2 Qc4 72. a3 Qd4+ 73. Kc2 Kc7 74. Rc5 Qa1 75. Kb3 Qb1+ 76. Kc3 Qc1+ 77. Kb3 Qb1+ 78. Kc3 Qa2 79. Ra5 Kb6 80. Kd3 Qb3+ 81. Kd4 Kb7 82. Ke4 Qc3 83. Kf4 Qd3 84. Ke5 Kb6 85. Kf4 Kc7 86. Ke5 Qe3+ 87. Kf5 Qf3+ 88. Ke5 Qe3+ 89. Kf5 Kd6 90. Kg4 Ke6 91. Kh4 Qf3 92. Ra8 c5 0-1

[Event "ESP-chT"]
[Site "Spain"]
[Date "1993.??.??"]
[Round "?"]
[White "Corral Blanco, Juan Antonio"]
[Black "Perez Pardo, Juan Carlos"]
[Result "1/2-1/2"]
[WhiteElo "2395"]
[BlackElo "2275"]
[PlyCount "85"]
[EventDate "1993.??.??"]
[EventType "team"]
[EventRounds "9"]
[EventCountry "ESP"]
[SourceTitle "TD"]
[Source "ChessBase"]
[SourceDate "1994.03.01"]
[SourceVersion "1"]
[SourceVersionDate "1994.03.01"]
[SourceQuality "1"]

1. d4 d5 2. c4 dxc4 3. Nf3 c5 4. e3 cxd4 5. Qxd4 Qxd4 6. Nxd4 Bd7 7. Bxc4 Nc6 8. Nxc6 Bxc6 9. 0-0 e6 10. b3 Be7 11. Bb2 Bf6 12. Bxf6 Nxf6 13. Nc3 Ke7 14. f3 Rhd8 15. Rfd1 Rxd1+ 16. Rxd1 Rc8 17. Rd2 a6 18. e4 b5 19. Be2 Bd7 20. Nd1 a5 21. Ne3 Rc1+ 22. Kf2 Ra1 23. Rb2 Rc1 24. b4 axb4 25. Rxb4 Rc5 26. Rb2 Ne8 27. Ke1 Nd6 28. Kd2 f6 29. Rc2 Rxc2+ 30. Kxc2 Kd8 31. Kc3 Kc7 32. Kd4 Kc6 33. Bd1 e5+ 34. Kc3 Be6 35. Bb3 Bxb3 36. axb3 Kc5 37. b4+ Kc6 38. Kd3 Kd7 39. g4 Ke6 40. Nd5 g6 41. Nc7+ Kd7 42. Nd5 Ke6 43. Nc7+ 1/2-1/2

[Event "ESP-chT"]
[Site "Spain"]
[Date "1993.??.??"]
[Round "?"]
[White "Gamundi Salamanca, Antonio"]
[Black "Perez Pardo, Juan Carlos"]
[Result "0-1"]
[WhiteElo "2440"]
[BlackElo "2275"]
[PlyCount "76"]
[EventDate "1993.??.??"]
[EventType "team"]
[EventRounds "9"]
[EventCountry "ESP"]
[SourceTitle "TD"]
[Source "ChessBase"]
[SourceDate "1994.03.01"]
[SourceVersion "1"]
[SourceVersionDate "1994.03.01"]
[SourceQuality "1"]

1. Nf3 c5 2. c4 Nc6 3. Nc3 g6 4. g3 Bg7 5. Bg2 e5 6. d3 Nge7 7. 0-0 0-0 8. Ne1 d6 9. Nc2 Be6 10. Ne3 Qd7 11. a3 Bh3 12. Rb1 Bxg2 13. Kxg2 a5 14. Qa4 b6 15. Ned5 Qb7 16. Kg1 Nxd5 17. Nxd5 Nd4 18. e3 b5 19. Qd1 Ne6 20. Bd2 b4 21. a4 f5 22. b3 Rae8 23. Bc1 Kh8 24. Bb2 g5 25. Qh5 Rf7 26. f3 Ref8 27. g4 Qd7 28. Kg2 Qd8 29. h3 Qd7 30. Rf2 f4 31. exf4 Rxf4 32. h4 gxh4 33. Qxh4 Bf6 34. Qh2 Bg5 35. Nxf4 Nxf4+ 36. Kg1 Nxd3 37. Re2 Rxf3 38. Rf1 Qxg4+ 0-1

[Event "ESP-chT"]
[Site "Spain"]
[Date "1993.??.??"]
[Round "?"]
[White "Gonzalez Garcia, Guillermo W"]
[Black "Perez Pardo, Juan Carlos"]
[Result "0-1"]
[WhiteElo "2235"]
[BlackElo "2275"]
[PlyCount "104"]
[EventDate "1993.??.??"]
[EventType "team"]
[EventRounds "9"]
[EventCountry "ESP"]
[SourceTitle "TD"]
[Source "ChessBase"]
[SourceDate "1994.03.01"]
[SourceVersion "1"]
[SourceVersionDate "1994.03.01"]
[SourceQuality "1"]

1. e4 c6 2. d4 d5 3. e5 Bf5 4. c3 e6 5. Nf3 c5 6. Be2 Nc6 7. 0-0 cxd4 8. cxd4 Nge7 9. Nc3 a6 10. h3 Be4 11. Be3 Nf5 12. Ne1 Nxe3 13. fxe3 Qg5 14. Nxe4 Qxe3+ 15. Nf2 Nxd4 16. Bf3 Qxe5 17. Ng4 Nxf3+ 18. Rxf3 Bc5+ 19. Kh1 Qd4 20. Nd3 Bd6 21. Qf1 h5 22. Ne3 0-0 23. Rd1 Rac8 24. g4 hxg4 25. hxg4 g6 26. Nf2 Qxb2 27. g5 Kg7 28. Neg4 b5 29. Nd3 Rh8+ 30. Rh3 Qd4 31. Qf6+ Qxf6 32. gxf6+ Kg8 33. Rxh8+ Kxh8 34. Nh6 Rc7 35. Rc1 Rxc1+ 36. Nxc1 Bf4 37. Nxf7+ Kg8 38. Nd3 Kxf7 39. Nxf4 Kxf6 40. Kg2 Kf5 41. Kf3 g5 42. Ne2 g4+ 43. Ke3 e5 44. Ng3+ Kg5 45. Kf2 a5 46. Ne2 b4 47. Nc1 a4 48. Nd3 b3 49. a3 e4 50. Nb2 Kf4 51. Nxa4 g3+ 52. Kg2 e3 0-1

[Event "Moncase"]
[Site "Moncase"]
[Date "1993.??.??"]
[Round "3"]
[White "Markzon, Gregory"]
[Black "Perez Pardo, Juan Carlos"]
[Result "1/2-1/2"]
[WhiteElo "2280"]
[BlackElo "2285"]
[PlyCount "95"]
[EventDate "1993.??.??"]
[EventType "tourn"]
[EventRounds "9"]
[EventCountry "ESP"]
[EventCategory "4"]
[SourceTitle "EXT 2002"]
[Source "ChessBase"]
[SourceDate "2001.11.25"]
[SourceVersion "1"]
[SourceVersionDate "2001.11.25"]
[SourceQuality "1"]

1. e4 c5 2. Nf3 e6 3. d3 Nc6 4. g3 d5 5. Nbd2 g6 6. Bg2 Bg7 7. 0-0 Nge7 8. Qe2 Qc7 9. Re1 dxe4 10. dxe4 Nd4 11. Qd1 e5 12. c3 Nxf3+ 13. Qxf3 0-0 14. Nc4 Be6 15. Ne3 Rad8 16. g4 b6 17. g5 f5 18. gxf6 Rxf6 19. Qg3 Rdf8 20. f3 g5 21. Nf1 Rg6 22. Bh3 Bxh3 23. Qxh3 Rgf6 24. Ng3 h6 25. Be3 Qc8 26. Qxc8 Nxc8 27. Nf5 Nd6 28. Nxd6 Rxd6 29. Kg2 c4 30. Rad1 Rfd8 31. Rxd6 Rxd6 32. Kf2 b5 33. Ke2 a6 34. a4 Rd7 35. axb5 axb5 36. Ra1 Kf7 37. Ra6 Rb7 38. Bc5 Bf6 39. Bb4 h5 40. h3 Rb8 41. Rd6 Rb7 42. Rd5 Ke6 43. Rd6+ Kf7 44. Kd2 Be7 45. Rd5 Bxb4 46. cxb4 Ke6 47. Ke3 Rd7 48. Rxd7 1/2-1/2

[Event "ESP-ch"]
[Site "Spain"]
[Date "1993.??.??"]
[Round "2"]
[White "Ochoa de Echaguen, Francisco Javier"]
[Black "Perez Pardo, Juan Carlos"]
[Result "1/2-1/2"]
[WhiteElo "2450"]
[BlackElo "2275"]
[PlyCount "94"]
[EventDate "1993.08.??"]
[EventType "swiss"]
[EventRounds "9"]
[EventCountry "ESP"]
[SourceTitle "TD"]
[Source "ChessBase"]
[SourceDate "1994.03.01"]
[SourceVersion "1"]
[SourceVersionDate "1994.03.01"]
[SourceQuality "1"]

1. e4 e5 2. Nf3 Nc6 3. d4 exd4 4. Nxd4 Qf6 5. Be3 Bc5 6. c3 Nge7 7. Bc4 0-0 8. 0-0 Bb6 9. Na3 d6 10. Ndc2 Be6 11. Bd5 Qg6 12. Bxb6 axb6 13. Ne3 Ra5 14. Nac2 Kh8 15. a3 f5 16. Bxe6 Qxe6 17. exf5 Nxf5 18. Nxf5 Raxf5 19. Ne3 Re5 20. h3 Re8 21. Rc1 Ne7 22. Ng4 Re2 23. Re1 Nf5 24. Rxe2 Qxe2 25. Qxe2 Rxe2 26. Rb1 h5 27. Nh2 g5 28. Nf3 g4 29. hxg4 hxg4 30. Nh2 g3 31. fxg3 Ne3 32. Nf1 Nc4 33. b3 Ne5 34. c4 Kg7 35. Nh2 Re3 36. Kf2 Rc3 37. Nf1 Nd3+ 38. Ke3 Nc5+ 39. Kf4 Nxb3 40. Ne3 Nd2 41. Rh1 c6 42. Nf5+ Kf8 43. Rh8+ Kf7 44. Rh7+ Kg6 45. Rh6+ Kf7 46. Rh7+ Kg6 47. Rh6+ Kf7 1/2-1/2

[Event "ESP-ch"]
[Site "Spain"]
[Date "1993.??.??"]
[Round "1"]
[White "Perez Pardo, Juan Carlos"]
[Black "Comas Fabrego, Luis"]
[Result "0-1"]
[WhiteElo "2275"]
[BlackElo "2435"]
[PlyCount "122"]
[EventDate "1993.08.??"]
[EventType "swiss"]
[EventRounds "9"]
[EventCountry "ESP"]
[SourceTitle "TD"]
[Source "ChessBase"]
[SourceDate "1994.03.01"]
[SourceVersion "1"]
[SourceVersionDate "1994.03.01"]
[SourceQuality "1"]

1. e4 d5 2. exd5 Nf6 3. d4 Nxd5 4. c4 Nb6 5. Nc3 e5 6. Be3 exd4 7. Qxd4 Qxd4 8. Bxd4 Be6 9. Bxb6 axb6 10. Nd5 Bxd5 11. cxd5 Bb4+ 12. Kd1 c6 13. Kc2 cxd5 14. Rd1 Ra5 15. a4 0-0 16. Kb3 Be7 17. Nf3 Nd7 18. Bb5 Nc5+ 19. Kc2 Rc8 20. Kb1 Bf6 21. Rhe1 Nxa4 22. Bxa4 Rxa4 23. Rxd5 h6 24. Rb5 Rc6 25. Re8+ Kh7 26. Ne5 Re4 27. f4 Re1+ 28. Ka2 Re2 29. Nxc6 Rxe8 30. Ne5 Bxe5 31. fxe5 Re6 32. Kb3 Kg6 33. Kc4 Kf5 34. Kd4 Rc6 35. Ke3 Rc5 36. Rxb6 Rxe5+ 37. Kf3 Re7 38. g4+ Ke5 39. Rb3 Kd4 40. h4 Kc4 41. Rc3+ Kb4 42. h5 b5 43. Rd3 Re6 44. Rc3 Rf6+ 45. Kg3 Rf1 46. Kg2 Rf4 47. Kg3 Rc4 48. Rf3 Rc7 49. Kh3 Rd7 50. Kg3 Kc4 51. Rc3+ Kb4 52. Rf3 Ra7 53. Kh4 Kc4 54. Rc3+ Kb4 55. Rf3 Rb7 56. Kg3 Ka4 57. Ra3+ Kb4 58. Rf3 Rc7 59. Kh3 f6 60. Re3 Rc5 61. Kg3 f5 0-1